Ekonomicko-matematické metódy vo finančnom plánovaní podnikov a odvetví

Bibliographic Details
Main Author: Vlachynský, Karol, 1929- (Author)
Format: Book
Language:Slovak
PhysicalDescription:157 s. sch., tab. 29 cm
Published: Bratislava Vysoká škola ekonomická 1979
Edition:1. vyd.
Series:Vysokoškolské skriptá
Subjects:

MARC

LEADER 00000cam a2200000 a 4500
001 vtls001115873
003 SK-MaSNL
005 20260301182250.0
008 250313s1979 xo e 000 0 slo
015 |a SNBA1979 
020 |q (brož.) 
035 |a SNK000058716 
035 |a urn:nbn:sk:snk-aml94j 
035 |a urn:nbn:sk:snk-am008rwq 
035 |a 44664526-A3CC-4ED2-848A-58FF99813D1B 
040 |a SNK  |b slo  |c SNK  |e AACR2 
041 0 |a slo 
044 |a xo  |c SK 
080 |a 336.61+336.64:519.85/.86(075.8)  |2 1981 
080 |a 519.85/.86:336.61+336.64(075.8)  |2 1981 
100 1 |a Vlachynský, Karol,  |d 1929-  |4 aut  |9 253308 
245 1 0 |a Ekonomicko-matematické metódy vo finančnom plánovaní podnikov a odvetví  |c Karol Vlachynský 
250 |a 1. vyd. 
260 |a Bratislava  |b Vysoká škola ekonomická  |c 1979 
300 |a 157 s.  |b sch., tab.  |c 29 cm 
366 |e 150 výt. 
490 1 |a Vysokoškolské skriptá 
504 |a Bibliogr. 
650 0 7 |a podnikové financie  |2 SNKPH  |9 4308 
650 0 7 |a hospodárske odvetvia  |x financie  |2 SNKPH  |9 555875 
650 0 7 |a finančné plánovanie  |2 SNKPH  |9 4346 
655 7 |a učebnice vysokých škôl  |2 SNKPH  |9 70191 
810 2 |a Vysoká škola ekonomická v Bratislave  |t Vysokoškolské skriptá  |9 222320 
852 |a Slovenská národná knižnica 
958 |a OND 
958 |a NB 
999 |c 853039  |d 854969 
952 |t P60, <04>, [BOOK], {604}  |a SNK  |b SNK  |y VYP  |7 0  |p 17A0040405  |o snkSB 28131 D1  |i snkKSP 3292/79  |0 0  |1 0  |4 0  |d 1997-02-25  |l 0  |r 2004-12-31 00:00:00  |w 2026-02-24 
952 |a SNK  |b SNK  |y PREZ  |7 0  |p 17A0971749  |o snkSB 28131   |i snkKSP 3291/79  |0 0  |1 0  |4 0  |d 2012-07-25  |f 1  |l 0  |r 2025-04-02 00:00:00  |w 2026-02-24